000 00692nam a2200301Ia 4500
005 20260401122315.0
008 008 250103s9999 xx 000 0 eng d
020 _a9780521734400
037 _aTB
040 _aEDL
040 _beng
040 _cEDL
041 _2eng
041 _aeng
084 _a820.9N
084 _qEDL
100 _aInnes, C.L.
_91233194
245 0 _aCambridge Introduction to Postcolonial Literatures in English
245 0 _cInnes, C.L.
260 _aNew Delhi
260 _bCambridge University Press
260 _c2007
300 _a295p
942 _cTB
942 _h820.9 INN
999 _c1846394
_d1846394